[Event "POL-chT 2nd League"]
[Site "Jastrzebia Gora"]
[Date "2023.09.04"]
[Round "3.125"]
[White "Duszczak, Filip"]
[Black "Wasik, Roman"]
[Result "1-0"]
[WhiteElo "1450"]
[BlackElo "1381"]
[PlyCount "99"]
[EventDate "2023.09.02"]
[EventType "team-swiss"]
[EventRounds "9"]
[EventCountry "POL"]
[SourceTitle "EXT 2024"]
[Source "ChessBase"]
[SourceDate "2023.10.10"]
[SourceVersion "1"]
[SourceVersionDate "2023.10.10"]
[SourceQuality "1"]
[WhiteTeam "Kalisz KTS"]
[BlackTeam "Rzeszow RzKSz"]
[WhiteTeamCountry "POL"]
[BlackTeamCountry "POL"]

1. e4 c5 2. Nf3 d6 3. d4 cxd4 4. Nxd4 Nf6 5. Nc3 g6 6. Be3 Bg7 7. f3 0-0 8. Qd2 Nc6 9. 0-0-0 d5 10. Kb1 e5 11. Nxc6 bxc6 12. exd5 cxd5 13. Nxd5 Nxd5 14. Qxd5 Qc7 15. Qc5 Qb8 16. Bc4 Bf5 17. Bb3 Rc8 18. Qd6 Qb5 19. g4 Bf8 20. Qf6 Be6 21. Bxe6 fxe6 22. Qxe6+ Kh8 23. Rd7 Bg7 24. Qf7 Rg8 25. Bh6 Qxd7 26. Qxd7 Bxh6 27. h4 Rgd8 28. Qe7 Re8 29. Qc7 Bf8 30. g5 Re7 31. Qc6 Rae8 32. Qe4 Kg8 33. h5 Re6 34. Qh4 gxh5 35. Qxh5 R8e7 36. c4 Rg7 37. g6 hxg6 38. Qh8+ Kf7 39. Rh7 Rf6 40. Rxg7+ Bxg7 41. Qa8 a6 42. c5 Bf8 43. Qb7+ Be7 44. c6 Rxf3 45. c7 Rf1+ 46. Kc2 Rf2+ 47. Kd3 Rf4 48. c8Q e4+ 49. Ke3 g5 50. Qcc7 1-0

[Event "POL-chT 2nd League"]
[Site "Jastrzebia Gora"]
[Date "2023.09.02"]
[Round "1.83"]
[White "Wasik, Roman"]
[Black "Hiszczynski, Jakub"]
[Result "0-1"]
[WhiteElo "1381"]
[BlackElo "1858"]
[PlyCount "90"]
[EventDate "2023.09.02"]
[EventType "team-swiss"]
[EventRounds "9"]
[EventCountry "POL"]
[SourceTitle "EXT 2024"]
[Source "ChessBase"]
[SourceDate "2023.10.10"]
[SourceVersion "1"]
[SourceVersionDate "2023.10.10"]
[SourceQuality "1"]
[WhiteTeam "Rzeszow RzKSz"]
[BlackTeam "Gdansk Korona"]
[WhiteTeamCountry "POL"]
[BlackTeamCountry "POL"]

1. Nf3 Nf6 2. d4 g6 3. c4 Bg7 4. Nc3 0-0 5. e4 d6 6. Be2 e5 7. 0-0 Nc6 8. d5 Ne7 9. b4 Ne8 10. a4 f5 11. Ng5 Nf6 12. f3 Kh8 13. c5 h6 14. Ne6 Bxe6 15. dxe6 d5 16. exd5 Nfxd5 17. Nxd5 Qxd5 18. Qxd5 Nxd5 19. b5 c6 20. bxc6 bxc6 21. Ba6 Rab8 22. Ba3 Rfe8 23. Rab1 Bf6 24. Rb7 Rxb7 25. Bxb7 Rxe6 26. Rd1 Nf4 27. Rd6 Be7 28. Rd2 e4 29. fxe4 fxe4 30. Bc8 e3 31. Bxe6 exd2 32. Bg4 Nd3 33. Kf1 Bxc5 34. Bxc5 Nxc5 35. Ke2 Nxa4 36. Bd7 Nc5 37. Bxc6 Kg7 38. Kxd2 Kf6 39. Ke3 Ke5 40. Be8 g5 41. Kf3 a5 42. h4 a4 43. hxg5 hxg5 44. Ke3 a3 45. Bf7 Ne6 0-1

[Event "POL-ch Seniors"]
[Site "Szklarska Poreba"]
[Date "2022.05.17"]
[Round "5"]
[White "Wasik, Roman"]
[Black "Czyz, Andrzej"]
[Result "1/2-1/2"]
[WhiteElo "1394"]
[BlackElo "1892"]
[PlyCount "156"]
[EventDate "2022.05.13"]
[EventType "swiss"]
[EventRounds "9"]
[EventCountry "POL"]
[SourceTitle "EXT 2024"]
[Source "ChessBase"]
[SourceDate "2023.10.10"]
[SourceVersion "1"]
[SourceVersionDate "2023.10.10"]
[SourceQuality "1"]

1. Nf3 d5 2. d4 Nf6 3. c4 c6 4. Nc3 e6 5. e3 Bd6 6. Qc2 Nbd7 7. g4 h6 8. Rg1 e5 9. g5 hxg5 10. Rxg5 e4 11. Ne5 Qe7 12. cxd5 Nxe5 13. dxe5 Bxe5 14. dxc6 bxc6 15. Bd2 Bd7 16. 0-0-0 Rb8 17. Bc4 Ng4 18. Rxg4 Bxg4 19. Qxe4 Bxd1 20. Qxc6+ Kf8 21. Kxd1 Rxh2 22. Nd5 Qe8 23. Qc5+ Kg8 24. Ne7+ Kh8 25. Qxe5 Rh1+ 26. Ke2 f6 27. Qe4 Qh5+ 28. Kd3 Rd8+ 29. Kc3 Rg1 30. Nf5 Rg4 31. f4 Qh2 32. Nd4 Rg2 33. Qd3 Qh5 34. Qf5 Qh2 35. Qd3 a5 36. a3 f5 37. Qc2 g6 38. Qd3 Qh7 39. Kc2 Qd7 40. Qc3 Kh7 41. Kb1 a4 42. Qa5 Rc8 43. Be6 Qd8 44. Qxd8 Rxd8 45. Kc2 Re8 46. Kd3 Rb8 47. Bc3 Rg3 48. Bd7 Ra8 49. Bc6 Ra7 50. Bb5 Re7 51. Bd2 Rb7 52. Bb4 Ra7 53. Ne6 Rg2 54. Bc3 Kh6 55. Nc5 Rg3 56. Nxa4 Re7 57. Bd4 Re4 58. Kd2 Rg2+ 59. Be2 g5 60. fxg5+ Kxg5 61. Nc3 Re8 62. Nd5 Rf2 63. Nf4 Rh2 64. b4 Re4 65. Nd5 Re6 66. a4 Rd6 67. Nc3 Rd7 68. b5 f4 69. Ne4+ Kf5 70. Kd3 Rxe2 71. Kxe2 Kxe4 72. b6 f3+ 73. Kf2 Rh7 74. a5 Rh2+ 75. Kf1 Rh1+ 76. Kf2 Rh2+ 77. Kf1 Rh1+ 78. Kf2 Rh2+ 1/2-1/2

[Event "POL-chT 2nd League"]
[Site "Jastrzebia Gora"]
[Date "2015.09.09"]
[Round "5.77"]
[White "Tustanowski, Mateusz"]
[Black "Wasik, Roman"]
[Result "1-0"]
[WhiteElo "1922"]
[BlackElo "1531"]
[PlyCount "53"]
[EventDate "2015.09.05"]
[EventType "team-swiss"]
[EventRounds "9"]
[EventCountry "POL"]
[SourceTitle "EXT 2017"]
[Source "ChessBase"]
[SourceDate "2016.10.25"]
[SourceVersion "1"]
[SourceVersionDate "2016.10.25"]
[SourceQuality "1"]
[WhiteTeam "Prudnik LKS Zarzewie"]
[BlackTeam "Rzeszow RzKSz"]
[WhiteTeamCountry "POL"]
[BlackTeamCountry "POL"]

1. e4 d6 2. d4 g6 3. f4 Bg7 4. Nc3 Nf6 5. Nf3 0-0 6. Bd3 Bg4 7. h3 Bxf3 8. Qxf3 Nfd7 9. e5 c6 10. Be3 Qc7 11. h4 Na6 12. a3 e6 13. h5 f5 14. exf6 Nxf6 15. hxg6 h6 16. 0-0-0 d5 17. Qh3 Rae8 18. g4 Ne4 19. g5 Rxf4 20. gxh6 Nf2 21. Bxf2 Rxf2 22. hxg7 Qxg7 23. Rdf1 Rxf1+ 24. Rxf1 Re7 25. Qh7+ Qxh7 26. gxh7+ Kg7 27. Rg1+ 1-0

[Event "Podkarpackie-ch"]
[Site "Pstragowa"]
[Date "2015.01.06"]
[Round "8"]
[White "Jurkiewicz, Zuzanna"]
[Black "Wasik, Roman"]
[Result "0-1"]
[WhiteElo "1457"]
[BlackElo "1551"]
[PlyCount "214"]
[EventDate "2015.01.03"]
[EventType "swiss"]
[EventRounds "9"]
[EventCountry "POL"]
[SourceTitle "EXT 2019"]
[Source "ChessBase"]
[SourceDate "2018.10.10"]
[SourceVersion "1"]
[SourceVersionDate "2018.10.10"]
[SourceQuality "1"]

1. e4 c5 2. Nf3 d6 3. d4 cxd4 4. Nxd4 Nf6 5. Bd3 g6 6. c3 Bg7 7. 0-0 Nc6 8. Nd2 Bg4 9. Qb3 Rb8 10. f3 Bd7 11. Kh1 Nh5 12. Ne2 Be6 13. Qd1 Ne5 14. Bb5+ Kf8 15. Nd4 Bd7 16. f4 Bxb5 17. Nxb5 Nd3 18. Nb3 Nxc1 19. Rxc1 Qb6 20. N5d4 Bh6 21. Qf3 Kg7 22. Rb1 Rhf8 23. f5 Nf4 24. g3 Nh3 25. f6+ exf6 26. Qxf6+ Kg8 27. Qh4 Ng5 28. Qxh6 Nxe4 29. Rf4 f5 30. Rbf1 Nf6 31. Qg5 Ne4 32. Qe7 Rbe8 33. Qd7 Nf6 34. Qb5 Qc7 35. Qa5 b6 36. Qb5 Re5 37. Qc6 Qe7 38. Nb5 Ne4 39. Qc7 Qe6 40. N5d4 Qd5 41. Qc6 Nxg3+ 42. Kg1 Ne2+ 43. Kf2 Nxf4 44. Qxd5+ Nxd5 45. Nc6 Re4 46. Rd1 Rf4+ 47. Kg3 Rg4+ 48. Kf3 Nf6 49. Rxd6 Ne4 50. Rd7 Ng5+ 51. Kf2 a5 52. Ne7+ Kh8 53. Nd5 a4 54. Nd4 Ne4+ 55. Kf3 Nf6 56. Nxf6 Rxf6 57. Ra7 b5 58. Rb7 Rd6 59. Rxb5 Ra6 60. Rb7 Rh4 61. Kg3 Re4 62. Kf2 Re8 63. Rb5 Kg7 64. Rb7+ Kh6 65. Kg3 a3 66. Kf2 axb2 67. Rxb2 Rea8 68. Kg3 Rxa2 69. Rb7 R2a3 70. Rc7 Rd8 71. Kg2 Re8 72. Rc6 Kg5 73. Rc7 Kf4 74. Rxh7 Ra2+ 75. Kf1 Ra1+ 76. Kg2 Kg5 77. Kf3 Rf1+ 78. Kg2 Rf4 79. Rh3 Rg4+ 80. Kf2 Ree4 81. Rd3 Kf6 82. Rh3 Rh4 83. Rxh4 Rxh4 84. Kg3 g5 85. Kg2 Re4 86. Kf2 f4 87. Ne2 Re3 88. h4 g4 89. c4 Ke5 90. c5 Rh3 91. c6 Rxh4 92. c7 Rh8 93. Nc3 Rc8 94. Nb5 Kd5 95. Kg2 Ke6 96. Kf2 Kd7 97. Nc3 Rxc7 98. Nd5 Rc2+ 99. Kf1 Rc1+ 100. Kg2 Rc2+ 101. Kf1 f3 102. Nf6+ Ke6 103. Nxg4 Ra2 104. Ne3 Ke5 105. Nc4+ Kf4 106. Ke1 Kg3 107. Ne5 Re2+ 0-1

[Event "POL-chT 2nd League"]
[Site "Szczyrk"]
[Date "2014.09.14"]
[Round "9.101"]
[White "Wasik, Roman"]
[Black "Jewulski, Krzysztof"]
[Result "0-1"]
[WhiteElo "1522"]
[BlackElo "1878"]
[PlyCount "72"]
[EventDate "2014.09.06"]
[EventType "team-swiss"]
[EventRounds "9"]
[EventCountry "POL"]
[SourceTitle "EXT 2015"]
[Source "ChessBase"]
[SourceDate "2014.11.20"]
[SourceVersion "1"]
[SourceVersionDate "2014.11.20"]
[SourceQuality "1"]
[WhiteTeam "Rzeszow RzKSz"]
[BlackTeam "Drogowiec"]
[WhiteTeamCountry "POL"]
[BlackTeamCountry "POL"]

1. Nf3 Nf6 2. c4 c5 3. d4 cxd4 4. Nxd4 g6 5. Nc3 Bg7 6. e4 d6 7. Rb1 Nc6 8. Nc2 0-0 9. Bd2 e6 10. Be2 d5 11. cxd5 exd5 12. Bg5 dxe4 13. Nxe4 Qxd1+ 14. Rxd1 Nxe4 15. Bc1 Be6 16. Bf3 f5 17. 0-0 Rad8 18. g4 Nd4 19. Nxd4 Bxd4 20. b3 Bxf2+ 21. Rxf2 Rxd1+ 22. Bxd1 Nxf2 23. Kxf2 fxg4+ 24. Kg2 Bd5+ 25. Kg1 Bf3 26. Bxf3 gxf3 27. Be3 b6 28. a4 Rf5 29. b4 Kf7 30. Kf2 Ke6 31. h4 Kd6 32. Bh6 Kd5 33. Be3 Kc4 34. Bd2 a5 35. Be3 axb4 36. Bxb6 b3 0-1

[Event "POL-chT3 Podkarpackie"]
[Site "Pstragowa"]
[Date "2014.05.02"]
[Round "5.28"]
[White "Krynicki, Henryk"]
[Black "Wasik, Roman"]
[Result "1-0"]
[WhiteElo "1712"]
[BlackElo "1559"]
[PlyCount "74"]
[EventDate "2014.04.30"]
[EventType "team-tourn"]
[EventRounds "9"]
[EventCountry "POL"]
[SourceTitle "EXT 2015"]
[Source "ChessBase"]
[SourceDate "2014.11.20"]
[SourceVersion "1"]
[SourceVersionDate "2014.11.20"]
[SourceQuality "1"]
[WhiteTeam "Ustrzyki Dolne"]
[BlackTeam "Rzeszow II"]
[WhiteTeamCountry "POL"]
[BlackTeamCountry "POL"]

1. e4 c5 2. Nf3 d6 3. d4 cxd4 4. Nxd4 Nf6 5. Nc3 g6 6. Be2 Bg7 7. Be3 a6 8. Qd2 h5 9. f3 Nbd7 10. h3 Qc7 11. Nb3 b5 12. 0-0 Bb7 13. a4 b4 14. Na2 a5 15. c3 Nc5 16. Nxc5 dxc5 17. cxb4 cxb4 18. Bb5+ Kf8 19. Rfd1 Kg8 20. Rac1 Qb8 21. Bf4 e5 22. Bg5 Kh7 23. Be3 Rd8 24. Qxd8 Qxd8 25. Rxd8 Rxd8 26. Bb6 Rd2 27. Bxa5 Rxb2 28. Nxb4 Bh6 29. Rc7 Be3+ 30. Kf1 Bxe4 31. Rxf7+ Kh6 32. Rxf6 Rf2+ 33. Ke1 Bf5 34. Nd5 Bd4 35. Bb6 Rxg2 36. Bxd4 exd4 37. Nf4 Rh2 1-0

[Event "POL-chT3 Podkarpackie"]
[Site "Pstragowa"]
[Date "2014.05.01"]
[Round "2.10"]
[White "Wozny, Tomasz"]
[Black "Wasik, Roman"]
[Result "1/2-1/2"]
[WhiteElo "1763"]
[BlackElo "1559"]
[PlyCount "94"]
[EventDate "2014.04.30"]
[EventType "team-tourn"]
[EventRounds "9"]
[EventCountry "POL"]
[SourceTitle "EXT 2015"]
[Source "ChessBase"]
[SourceDate "2014.11.20"]
[SourceVersion "1"]
[SourceVersionDate "2014.11.20"]
[SourceQuality "1"]
[WhiteTeam "Przemysl MKS Polonia"]
[BlackTeam "Rzeszow II"]
[WhiteTeamCountry "POL"]
[BlackTeamCountry "POL"]

1. d4 d6 2. Nf3 g6 3. c4 Bg7 4. g3 Nf6 5. Nc3 0-0 6. Bg2 e5 7. dxe5 dxe5 8. Qxd8 Rxd8 9. Nxe5 Re8 10. Nf3 Nc6 11. Bf4 Re7 12. 0-0 Be6 13. Nd2 Nh5 14. Rac1 Nxf4 15. gxf4 Rd8 16. Rfd1 Red7 17. Nde4 Bxc4 18. Rxd7 Rxd7 19. Nc5 Rd2 20. N3e4 Rxe2 21. Rxc4 Rxb2 22. a4 Nd4 23. Nd3 Rb1+ 24. Bf1 f5 25. Ng3 c6 26. Kg2 h5 27. Ne5 Bxe5 28. fxe5 Ne6 29. Ne2 Kf7 30. Nc1 Rb2 31. Bd3 Rd2 32. Kf1 Ng5 33. Be2 Ne4 34. f3 Ng5 35. Rb4 b6 36. Nd3 Ne6 37. Ke1 Rc2 38. Rb2 Rc3 39. Nb4 Nd4 40. Kd2 Ra3 41. Bc4+ Ke7 42. f4 Rf3 43. Nd3 Ne6 44. Ke2 Nd4+ 45. Kd2 Ne6 46. Ke2 Nd4+ 47. Kd2 Ne6 1/2-1/2